| 000 | 00602nam a22001697a 4500 | ||
|---|---|---|---|
| 999 |
_c58305 _d58305 |
||
| 005 | 20211102142350.0 | ||
| 008 | 211102s2007 enk||||| |||| 00| 0 rus d | ||
| 020 | _a9788776871574 | ||
| 041 | _arus | ||
| 080 | _a159.922 X-12 | ||
| 100 |
_aХаббард, Рональд Лафайет. _912701 |
||
| 245 |
_aНаука выживания : _bПредсказывание человеческого поведения / _cЛ.Рон Хаббард. |
||
| 264 |
_aМ. : _b"Нью Эра", _c2007. |
||
| 300 |
_a713с. : _b ил. ; _c24см. |
||
| 653 | _aდიანეტიკა. | ||
| 942 |
_2udc _cBK |
||